000 00251nam a22000977a 4500
008 240404b |||||||| |||| 00| 0 eng d
020 _a9781781572498
100 _aHAND DIANA
_97759
245 _aDRAW HORSES IN 15 MINUTES
260 _aUK
_bAN HACHETTE
_c2015
999 _c12557
_d12557